Japan's international trade policy : Myths and realities

Đã lưu trong:
書目詳細資料
格式: 圖書
語言:Undetermined
出版: Chicago The Japan Trade Center 1978
主題:
標簽: 添加標簽
沒有標簽, 成為第一個標記此記錄!
Thư viện lưu trữ: Trung tâm Học liệu Trường Đại học Cần Thơ
LEADER 00483nam a2200181Ia 4500
001 CTU_79935
008 210402s9999 xx 000 0 und d
082 |a 382 
082 |b J35 
245 0 |a Japan's international trade policy : 
245 0 |b Myths and realities 
260 |a Chicago 
260 |b The Japan Trade Center 
260 |c 1978 
650 |a Japan 
650 |x Commercial policy 
904 |i Trọng Hải 
980 |a Trung tâm Học liệu Trường Đại học Cần Thơ